<?xml version="1.0" encoding="UTF-8"?>
<record
    xmlns:xsi="http://www.w3.org/2001/XMLSchema-instance"
    xsi:schemaLocation="http://www.loc.gov/MARC21/slim http://www.loc.gov/standards/marcxml/schema/MARC21slim.xsd"
    xmlns="http://www.loc.gov/MARC21/slim">

  <leader>00691nam a22001697a 4500</leader>
  <controlfield tag="003">SGT</controlfield>
  <datafield tag="020" ind1=" " ind2=" ">
    <subfield code="a">9788120348929</subfield>
  </datafield>
  <datafield tag="082" ind1=" " ind2=" ">
    <subfield code="a">658.4038011 SAD</subfield>
  </datafield>
  <datafield tag="100" ind1=" " ind2=" ">
    <subfield code="a">SADAGOPAN,S</subfield>
  </datafield>
  <datafield tag="245" ind1=" " ind2=" ">
    <subfield code="a">MANAGEMENT INFORMATION SYSTEMS</subfield>
  </datafield>
  <datafield tag="250" ind1=" " ind2=" ">
    <subfield code="a">2ND</subfield>
  </datafield>
  <datafield tag="260" ind1=" " ind2=" ">
    <subfield code="a">NEW DELHI</subfield>
    <subfield code="b">PHI</subfield>
    <subfield code="c">2014</subfield>
  </datafield>
  <datafield tag="300" ind1=" " ind2=" ">
    <subfield code="a">327</subfield>
  </datafield>
  <datafield tag="650" ind1=" " ind2=" ">
    <subfield code="a">MANAGEMENT INFORMATION SYSTEMS</subfield>
  </datafield>
  <datafield tag="653" ind1=" " ind2=" ">
    <subfield code="a">1.    Introduction  2.    Organisational Systems   3.    Information Systems and Organisations  4.    Computers and Information Systems  5.    Communication Technology  6.    Database Technology   7.    Decision Support Systems (DSS)  8.    Expert Systems and Artificial Intelligence  9.    System Analysis and Design</subfield>
  </datafield>
  <datafield tag="942" ind1=" " ind2=" ">
    <subfield code="2">ddc</subfield>
    <subfield code="c">FCM</subfield>
  </datafield>
  <datafield tag="952" ind1=" " ind2=" ">
    <subfield code="0">0</subfield>
    <subfield code="1">0</subfield>
    <subfield code="2">ddc</subfield>
    <subfield code="4">0</subfield>
    <subfield code="7">1</subfield>
    <subfield code="8">CM</subfield>
    <subfield code="a">SSSL</subfield>
    <subfield code="b">SSSL</subfield>
    <subfield code="c">REF</subfield>
    <subfield code="d">2017-01-30</subfield>
    <subfield code="e">INDIAN PUBLISHERS &amp; DISTRIBUTORS </subfield>
    <subfield code="g">325.00</subfield>
    <subfield code="i">SGTU</subfield>
    <subfield code="o">658.4038011 SAD</subfield>
    <subfield code="p">CM3269</subfield>
    <subfield code="r">2017-01-30 00:00:00</subfield>
    <subfield code="w">2016-12-20</subfield>
    <subfield code="y">FCM</subfield>
    <subfield code="k">117</subfield>
  </datafield>
  <datafield tag="952" ind1=" " ind2=" ">
    <subfield code="0">0</subfield>
    <subfield code="1">0</subfield>
    <subfield code="2">ddc</subfield>
    <subfield code="4">0</subfield>
    <subfield code="7">0</subfield>
    <subfield code="8">CM</subfield>
    <subfield code="a">SSSL</subfield>
    <subfield code="b">SSSL</subfield>
    <subfield code="c">DISPLAY</subfield>
    <subfield code="d">2017-01-30</subfield>
    <subfield code="e">INDIAN PUBLISHERS &amp; DISTRIBUTORS </subfield>
    <subfield code="g">325.00</subfield>
    <subfield code="i">SGTU</subfield>
    <subfield code="l">1</subfield>
    <subfield code="o">658.4038011 SAD</subfield>
    <subfield code="p">CM3270</subfield>
    <subfield code="r">2017-12-20 00:00:00</subfield>
    <subfield code="s">2017-12-07</subfield>
    <subfield code="w">2016-12-20</subfield>
    <subfield code="y">FCM</subfield>
    <subfield code="k">117</subfield>
  </datafield>
  <datafield tag="999" ind1=" " ind2=" ">
    <subfield code="c">10697</subfield>
    <subfield code="d">10697</subfield>
  </datafield>
</record>
